Hauptstädte US-Bundesstaaten - Sudden Death - Statistiken

Allgemein
  • Dieses Quiz wurde 370 mal gespielt
  • Das Durchschnittsergebnis liegt bei 5 aus 15
Answers on the Grid
Answers color-coded by a green-red scale on the quiz's grid according to % correct below.
Concord
Boston
Madison
Birmingham
Jacksonville
Sioux Falls
Baltimore
Butte
Albuquerque
Tulsa
Sacramento
Spokane
Lincoln
Montpelier
Reno
Atlanta
Denver
Vicksburg
Fargo
Cincinnati
Lexington
Pierre
Charlotte
Jefferson City
New York
Phoenix
Honolulu
Columbia
Austin
Gary
Fairbanks
Charleston
 
Antwortstatistiken
Antwort % Korrekt
Boston
63%
Denver
41%
Honolulu
41%
Phoenix
41%
Atlanta
40%
Austin
40%
Sacramento
39%
Concord
34%
Madison
33%
Columbia
32%
Lincoln
31%
Montpelier
26%
Charleston
24%
Pierre
24%
Jefferson City
21%
Keine übereinstimmenden Quizze gefunden
Verteilung der Resultate
Anzahl Personen mit jedem Resultat
Perzentil nach korrekt beantworteten Fragen
Ihre Resultats-Entwicklung
Sie haben dieses Quiz noch nicht gespielt